[Event "26. Torneo Collado Villalba"]
[Site "Collado Villalba ESP"]
[Date "2009.08.21"]
[Round "1.1"]
[White "San Juan Rodriguez, Miguel"]
[Black "Vazquez Igarza, Renier"]
[Result "0-1"]
[WhiteElo "2054"]
[BlackElo "2570"]
[PlyCount "52"]
[EventDate "2009.08.21"]
[EventType "swiss"]
[EventRounds "9"]
[EventCountry "ESP"]
[Source "lmi"]
[SourceDate "2009.08.21"]

1. e4 e5 2. Nf3 Nf6 3. d4 Nxe4 4. Bd3 d5 5. Nxe5 Bd6 6. O-O Nd7 7. Nxd7 Bxd7 8.
Qh5 O-O 9. c4 g6 10. Qh6 Re8 11. Nc3 Bf8 12. Qf4 Bf5 13. Nxd5 c6 14. Ne3 Qxd4
15. Bxe4 Bxe4 16. Ng4 Re6 17. Be3 Qxc4 18. Rac1 Qb4 19. Rfd1 Bg7 20. Rd7 Rf8
21. Bc5 g5 22. Bxf8 Qxf8 23. Qc7 Bxb2 24. Rcd1 Bd5 25. Rxf7 Qxf7 26. Nh6+ Rxh6
0-1

[Event "26. Torneo Collado Villalba"]
[Site "Collado Villalba ESP"]
[Date "2009.08.21"]
[Round "1.3"]
[White "Garcia Salamero, Gabriel"]
[Black "Ubilava, Elizbar"]
[Result "0-1"]
[WhiteElo "2034"]
[BlackElo "2547"]
[PlyCount "98"]
[EventDate "2009.08.21"]
[EventType "swiss"]
[EventRounds "9"]
[EventCountry "ESP"]
[Source "lmi"]
[SourceDate "2009.08.21"]

1. e4 c5 2. Nf3 d6 3. d4 cxd4 4. Nxd4 Nf6 5. Nc3 Nc6 6. Nde2 e6 7. g3 a6 8. Bg2
Qc7 9. O-O b5 10. a3 Bb7 11. h3 h5 12. Be3 Be7 13. f4 Rc8 14. Qd2 Qb8 15. b3
Qa8 16. f5 e5 17. Nd5 Nxd5 18. exd5 Nb8 19. a4 b4 20. a5 Nd7 21. Ra4 Bd8 22. c4
bxc3 23. Nxc3 Nf6 24. Ne4 Qb8 25. Nxf6+ gxf6 26. Rc1 Rxc1+ 27. Qxc1 Bc8 28. Qc2
Bd7 29. Ra1 Qb4 30. Bf2 Bxa5 31. Kh2 h4 32. Be1 hxg3+ 33. Kh1 Qxe1+ 34. Rxe1
Bxe1 35. Qe2 Bf2 36. Qxa6 Ke7 37. Qb7 Rc8 38. Bf1 Kd8 39. Bd3 Rc1+ 40. Kg2 Rg1+
41. Kf3 Re1 42. Kg2 e4 43. Bf1 e3 44. Qa6 Ke7 45. Qd3 Kf8 46. h4 Kg7 47. Qe4
Rxf1 48. Qg4+ Kf8 49. Kxf1 Bb5+ 0-1

[Event "26. Torneo Collado Villalba"]
[Site "Collado Villalba ESP"]
[Date "2009.08.21"]
[Round "1.6"]
[White "Rojas Keim, Luis"]
[Black "Esquivias Gomez, Francisco J"]
[Result "1-0"]
[WhiteElo "2453"]
[BlackElo "2009"]
[PlyCount "111"]
[EventDate "2009.08.21"]
[EventType "swiss"]
[EventRounds "9"]
[EventCountry "ESP"]
[Source "lmi"]
[SourceDate "2009.08.21"]

1. e4 Nf6 2. e5 Nd5 3. d4 d6 4. c4 Nb6 5. exd6 cxd6 6. Nc3 Bf5 7. Nf3 e6 8. Be2
Be7 9. O-O O-O 10. b3 a5 11. a4 d5 12. c5 N6d7 13. Bf4 Nc6 14. Nb5 e5 15. dxe5
Nxc5 16. Nfd4 Bd7 17. Bf3 Nxd4 18. Nxd4 Ne6 19. Be3 Nxd4 20. Qxd4 Be6 21. Rad1
Qd7 22. Bxd5 Rfd8 23. Bxe6 Qxe6 24. Qb2 Rd5 25. Rxd5 Qxd5 26. Rc1 h6 27. h3 Rd8
28. Rc4 Qe6 29. Bf4 Bf8 30. Qc3 Bb4 31. Qf3 Qd5 32. Qxd5 Rxd5 33. Rc8+ Kh7 34.
Rc7 Kg8 35. Rxb7 Rd3 36. e6 fxe6 37. Be5 Rd1+ 38. Kh2 Bd6 39. Bxd6 Rxd6 40. Rb5
Rd3 41. h4 Kf7 42. g4 Kf6 43. f4 Rf3 44. Rxa5 Rxb3 45. h5 Rb2+ 46. Kg3 Rb3+ 47.
Kf2 Rb2+ 48. Ke3 Rb3+ 49. Kd2 g5 50. fxg5+ hxg5 51. Ra7 Rg3 52. h6 Rxg4 53. h7
Rh4 54. a5 Rh3 55. a6 g4 56. Rb7 1-0

[Event "26. Torneo Collado Villalba"]
[Site "Collado Villalba ESP"]
[Date "2009.08.21"]
[Round "1.8"]
[White "Moreno Ruiz, Javier"]
[Black "Rodriguez De Robles, Ignacio"]
[Result "1-0"]
[WhiteElo "2418"]
[BlackElo "1993"]
[PlyCount "59"]
[EventDate "2009.08.21"]
[EventType "swiss"]
[EventRounds "9"]
[EventCountry "ESP"]
[Source "lmi"]
[SourceDate "2009.08.21"]

1. c4 Nf6 2. g3 g6 3. Bg2 Bg7 4. Nc3 c6 5. e4 d6 6. Nge2 Ng4 7. h3 Ne5 8. d3
O-O 9. O-O f6 10. Be3 Na6 11. f4 Nf7 12. Qd2 Kh8 13. f5 gxf5 14. exf5 Ne5 15.
b3 e6 16. d4 Nf7 17. fxe6 Bxe6 18. Nf4 Bd7 19. Nh5 Nc7 20. Ne4 f5 21. Ng5 Qe8
22. Nxg7 Kxg7 23. Rae1 Qc8 24. d5 cxd5 25. Bd4+ Ne5 26. Rxe5 dxe5 27. Bxe5+ Kg6
28. Nxh7 Kxh7 29. Qg5 Qe8 30. Qg7# 1-0

[Event "26. Torneo Collado Villalba"]
[Site "Collado Villalba ESP"]
[Date "2009.08.21"]
[Round "1.9"]
[White "Rodriguez Gomez, Vicente"]
[Black "Gallardo Garcia, Andres"]
[Result "0-1"]
[WhiteElo "1990"]
[BlackElo "2414"]
[PlyCount "66"]
[EventDate "2009.08.21"]
[EventType "swiss"]
[EventRounds "9"]
[EventCountry "ESP"]
[Source "lmi"]
[SourceDate "2009.08.21"]

1. e4 c5 2. c3 e6 3. d4 d5 4. exd5 exd5 5. Nf3 Nc6 6. Bb5 Bd6 7. Qe2+ Nge7 8.
O-O O-O 9. dxc5 Bxc5 10. Bg5 f6 11. Be3 Bd6 12. Rd1 Bg4 13. h3 Bh5 14. Nbd2 Qc7
15. g4 Bf7 16. Nb3 Ng6 17. Nbd4 Rfe8 18. Qf1 Bf4 19. Bxf4 Nxf4 20. Ne2 h5 21.
Nxf4 Qxf4 22. Qg2 hxg4 23. hxg4 a6 24. Bd3 Ne5 25. Nxe5 fxe5 26. f3 Re6 27. Kf2
e4 28. Be2 exf3 29. Bxf3 Rae8 30. Rd4 Qe3+ 31. Kg3 Qe5+ 32. Kf2 Rf6 33. Qg3
Qe2+ 0-1

[Event "26. Torneo Collado Villalba"]
[Site "Collado Villalba ESP"]
[Date "2009.08.21"]
[Round "1.11"]
[White "Gordillo, Manuel"]
[Black "Elissalt Cardenas, Hector"]
[Result "0-1"]
[WhiteElo "1988"]
[BlackElo "2317"]
[PlyCount "60"]
[EventDate "2009.08.21"]
[EventType "swiss"]
[EventRounds "9"]
[EventCountry "ESP"]
[Source "lmi"]
[SourceDate "2009.08.21"]

1. d4 f5 2. Bg5 c6 3. Nd2 d5 4. e3 Nd7 5. Bd3 Ngf6 6. Ngf3 h6 7. Bxf6 Nxf6 8.
Nh4 e6 9. Ng6 Rg8 10. Nxf8 Kxf8 11. c4 Bd7 12. f3 Be8 13. Qb3 Qe7 14. O-O-O a5
15. c5 a4 16. Qb6 g6 17. h3 Rg7 18. g4 e5 19. gxf5 exd4 20. e4 Nd7 21. f6 Nxf6
22. Qb4 b6 23. Qxb6 Nd7 24. Qxc6 Ra5 25. Bb5 Nf6 26. Qc8 Rxb5 27. b4 Rxb4 28.
exd5 Qe3 29. Rde1 Qc3+ 30. Kd1 Rb2 0-1

[Event "26. Torneo Collado Villalba"]
[Site "Collado Villalba ESP"]
[Date "2009.08.21"]
[Round "1.12"]
[White "Perez Gonzalez, Jose Manuel"]
[Black "Alvarez Garcia, Fernando"]
[Result "1-0"]
[WhiteElo "2307"]
[BlackElo "1988"]
[PlyCount "39"]
[EventDate "2009.08.21"]
[EventType "swiss"]
[EventRounds "9"]
[EventCountry "ESP"]
[Source "lmi"]
[SourceDate "2009.08.21"]

1. e4 e6 2. d4 d5 3. Nc3 Bb4 4. e5 c5 5. a3 Bxc3+ 6. bxc3 Ne7 7. Qg4 O-O 8. Bd3
Nbc6 9. Qh5 Ng6 10. Nf3 c4 11. Ng5 h6 12. Nxf7 Rxf7 13. Bxg6 Rf8 14. h4 Ne7 15.
Bxh6 gxh6 16. Qxh6 Nxg6 17. Qxg6+ Kh8 18. Rh3 Qe7 19. Qh6+ Kg8 20. Rg3+ 1-0

[Event "26. Torneo Collado Villalba"]
[Site "Collado Villalba ESP"]
[Date "2009.08.21"]
[Round "1.14"]
[White "Madina Yadarola, Martin A"]
[Black "Olives Barba, Carlos Jose"]
[Result "1-0"]
[WhiteElo "2253"]
[BlackElo "1978"]
[PlyCount "71"]
[EventDate "2009.08.21"]
[EventType "swiss"]
[EventRounds "9"]
[EventCountry "ESP"]
[Source "lmi"]
[SourceDate "2009.08.21"]

1. d4 e6 2. g3 f5 3. Bg2 Nf6 4. Nd2 d5 5. Ngf3 Bd6 6. Ne5 O-O 7. O-O Nbd7 8.
Ndf3 Ne4 9. Bf4 Qe7 10. c4 c6 11. c5 Bb8 12. b4 g5 13. Nxd7 Bxd7 14. Bxb8 Rfxb8
15. Ne5 Nf6 16. a4 a6 17. Qd2 Qg7 18. Ra3 h6 19. h4 Kh7 20. hxg5 Qxg5 21. Rd1
Qxd2 22. Rxd2 Kg7 23. Rb2 Be8 24. Bh3 h5 25. e3 Nh7 26. Bf1 Ng5 27. Be2 Nh7 28.
Nd3 Nf6 29. Rab3 Bd7 30. Ne5 Rh8 31. b5 axb5 32. axb5 h4 33. bxc6 bxc6 34. Rb7
Ra1+ 35. Kg2 h3+ 36. Kh2 1-0

[Event "26. Torneo Collado Villalba"]
[Site "Collado Villalba ESP"]
[Date "2009.08.21"]
[Round "1.15"]
[White "Rodriguez Aguilera, Aurelio"]
[Black "Castano, Henry Augusto"]
[Result "1/2-1/2"]
[WhiteElo "1967"]
[BlackElo "2203"]
[PlyCount "86"]
[EventDate "2009.08.21"]
[EventType "swiss"]
[EventRounds "9"]
[EventCountry "ESP"]
[Source "lmi"]
[SourceDate "2009.08.21"]

1. d4 e6 2. c4 c5 3. d5 exd5 4. cxd5 d6 5. Nc3 g6 6. Nf3 Bg7 7. Nd2 Nd7 8. Nc4
Nb6 9. e4 Nxc4 10. Bxc4 a6 11. a4 Qh4 12. O-O Nh6 13. Qd3 O-O 14. Bxh6 Qxh6 15.
Qg3 Re8 16. Rae1 Bd7 17. a5 Rab8 18. f4 Bd4+ 19. Kh1 Qg7 20. h3 b5 21. axb6
Rxb6 22. Nd1 Bb5 23. Bxb5 axb5 24. Re2 Ra6 25. Rfe1 f6 26. Qd3 Qb7 27. b4 Qb6
28. bxc5 Bxc5 29. e5 dxe5 30. fxe5 fxe5 31. Rxe5 Rxe5 32. Rxe5 Qf6 33. Re1 Ra3
34. Qxb5 Rxh3+ 35. gxh3 Qf3+ 36. Kh2 Bd6+ 37. Kg1 Qg3+ 38. Kf1 Qxh3+ 39. Ke2
Qg4+ 40. Kd3 Qf5+ 41. Re4 Qf1+ 42. Re2 Qxd1+ 43. Ke4 Qh1+ 1/2-1/2

[Event "26. Torneo Collado Villalba"]
[Site "Collado Villalba ESP"]
[Date "2009.08.21"]
[Round "1.16"]
[White "Perez de Aranda, Leonardo Ivan"]
[Black "Fernandez Garcia, Ignacio"]
[Result "1-0"]
[WhiteElo "2224"]
[BlackElo "1958"]
[PlyCount "63"]
[EventDate "2009.08.21"]
[EventType "swiss"]
[EventRounds "9"]
[EventCountry "ESP"]
[Source "lmi"]
[SourceDate "2009.08.21"]

1. b3 e5 2. Bb2 Nc6 3. e3 d6 4. Bb5 Bd7 5. Nf3 Nce7 6. Bxd7+ Qxd7 7. c4 Ng6 8.
Nc3 Nf6 9. Qc2 Be7 10. O-O-O c6 11. h4 b5 12. h5 Nf8 13. c5 Ne6 14. cxd6 Qxd6
15. h6 g6 16. Kb1 O-O 17. d4 exd4 18. exd4 Nd5 19. Rhe1 a5 20. Ne4 Qc7 21. Ne5
Rfc8 22. Nc5 Bxc5 23. dxc5 b4 24. Nxg6 a4 25. Qf5 axb3 26. Rxd5 Qa7 27. Qf6
fxg6 28. Qh8+ Kf7 29. Qxh7+ Kf8 30. Bg7+ Nxg7 31. Qh8+ Kf7 32. Qxg7# 1-0

[Event "26. Torneo Collado Villalba"]
[Site "Collado Villalba ESP"]
[Date "2009.08.21"]
[Round "1.17"]
[White "Perez Cameselle, Francisco"]
[Black "Solaesa Navalpotro, Luis Julio"]
[Result "0-1"]
[WhiteElo "1958"]
[BlackElo "2223"]
[PlyCount "113"]
[EventDate "2009.08.21"]
[EventType "swiss"]
[EventRounds "9"]
[EventCountry "ESP"]
[Source "lmi"]
[SourceDate "2009.08.21"]

1. d4 Nf6 2. c4 c5 3. d5 b5 4. cxb5 a6 5. bxa6 Bxa6 6. Nc3 d6 7. g3 g6 8. Bg2
Bg7 9. Nf3 Nbd7 10. O-O Nb6 11. Rb1 Bc4 12. Nd2 Bxa2 13. Nxa2 Rxa2 14. Qb3 Ra8
15. Qb5+ Nbd7 16. b4 O-O 17. bxc5 Nxc5 18. Nc4 Nfe4 19. Bb2 Rb8 20. Qc6 Bxb2
21. Rxb2 Rxb2 22. Nxb2 Qb8 23. Nc4 Nc3 24. Bf3 N3a4 25. Na3 Qb4 26. Nc2 Qd2 27.
Na3 Qb4 28. Nc2 Qb2 29. Ne3 Qb8 30. Be4 Rc8 31. Rb1 Qc7 32. Qxc7 Rxc7 33. Rb8+
Kg7 34. Bf3 Nd7 35. Rb4 Nac5 36. h4 Ra7 37. Nc2 Ra4 38. Rxa4 Nxa4 39. Nd4 Nc3
40. Kf1 Nf6 41. Nc6 Nfxd5 42. e4 Nf6 43. Nxe7 Nfxe4 44. Ke1 Kf6 45. Nc6 d5 46.
Nb4 Ke5 47. Nc6+ Kd6 48. Nd8 f6 49. Nb7+ Ke5 50. Na5 Kd4 51. Nb3+ Kd3 52. Nc1+
Kc4 53. Bg2 d4 54. Bf1+ Kd5 55. g4 Nc5 56. f3 Ke5 57. Kf2 0-1

[Event "26. Torneo Collado Villalba"]
[Site "Collado Villalba ESP"]
[Date "2009.08.21"]
[Round "1.18"]
[White "Gomez Peco, Pablo"]
[Black "Baeza Escudero, Javier"]
[Result "1-0"]
[WhiteElo "2222"]
[BlackElo "1946"]
[PlyCount "75"]
[EventDate "2009.08.21"]
[EventType "swiss"]
[EventRounds "9"]
[EventCountry "ESP"]
[Source "lmi"]
[SourceDate "2009.08.21"]

1. d4 d5 2. Nf3 Nf6 3. c4 e6 4. cxd5 exd5 5. Qc2 g6 6. Bg5 Bg7 7. e3 O-O 8. Bd3
Nc6 9. a3 Ne7 10. O-O Bf5 11. Rc1 Bxd3 12. Qxd3 c6 13. Nbd2 h6 14. Bxf6 Bxf6
15. b4 a6 16. Rab1 Nf5 17. a4 Nd6 18. Ne5 Bg7 19. f4 Qe8 20. Rc2 Nf5 21. g4
Nxe3 22. Qxe3 f6 23. b5 fxe5 24. fxe5 Qe6 25. h3 Rfc8 26. bxa6 Rxa6 27. Rxb7 c5
28. Qb3 Rac6 29. Nf3 g5 30. Qd3 Ra6 31. Qf5 Qxf5 32. gxf5 Rxa4 33. f6 Bh8 34.
Rxc5 Rd8 35. Rbc7 Ra3 36. Kg2 Rd3 37. Rc8 Bxf6 38. Rxd8+ 1-0

[Event "26. Torneo Collado Villalba"]
[Site "Collado Villalba ESP"]
[Date "2009.08.21"]
[Round "1.19"]
[White "Barahona Torrijos, Angel"]
[Black "Martinez Rodriguez, Pablo"]
[Result "0-1"]
[WhiteElo "1944"]
[BlackElo "2213"]
[PlyCount "90"]
[EventDate "2009.08.21"]
[EventType "swiss"]
[EventRounds "9"]
[EventCountry "ESP"]
[Source "lmi"]
[SourceDate "2009.08.21"]

1. e4 c6 2. Nc3 d5 3. Qf3 Nf6 4. e5 Nfd7 5. d4 e6 6. Qg3 a6 7. f4 g6 8. Nf3 Be7
9. h4 h5 10. Bd3 Nf8 11. Bd2 Nbd7 12. a4 c5 13. a5 cxd4 14. Na4 Nc5 15. Nxc5
Bxc5 16. b4 Ba7 17. Ke2 Bd7 18. Qg5 Qc7 19. Qf6 Rg8 20. Ng5 Bb5 21. g4 hxg4 22.
Rac1 Qe7 23. Bxb5+ axb5 24. Qxe7+ Kxe7 25. Kd3 Nd7 26. h5 gxh5 27. Rxh5 Rac8
28. Rg1 Rg7 29. Nf3 Rgg8 30. Nxd4 Bxd4 31. Kxd4 Rxc2 32. Kd3 Rc4 33. Rc1 Nb8
34. Rxc4 dxc4+ 35. Ke2 Nc6 36. Bc3 g3 37. Rg5 Rxg5 38. fxg5 Kd7 39. Kf3 Ne7 40.
Kxg3 Nd5 41. Bb2 Nxb4 42. Kf3 Nd3 43. Bd4 b4 44. Ke3 Kc6 45. Kd2 Kd5 0-1

[Event "26. Torneo Collado Villalba"]
[Site "Collado Villalba ESP"]
[Date "2009.08.21"]
[Round "1.20"]
[White "Ramirez Garcia, Jorge Alberto"]
[Black "Herrero Corada, Jose Ignacio"]
[Result "1-0"]
[WhiteElo "2203"]
[BlackElo "1944"]
[PlyCount "57"]
[EventDate "2009.08.21"]
[EventType "swiss"]
[EventRounds "9"]
[EventCountry "ESP"]
[Source "lmi"]
[SourceDate "2009.08.21"]

1. e4 c6 2. d4 d5 3. Nd2 dxe4 4. Nxe4 Nf6 5. Nxf6+ exf6 6. c3 Bd6 7. Bd3 O-O 8.
Qc2 Re8+ 9. Ne2 Kh8 10. Be3 Nd7 11. O-O-O Nf8 12. c4 Be6 13. Nc3 Bb4 14. a3
Bxc3 15. Qxc3 b5 16. Kb1 Qe7 17. cxb5 cxb5 18. Bxb5 Rec8 19. Qb4 Bf5+ 20. Ka2
Qe4 21. d5 Qxg2 22. Qf4 Bc2 23. Rhg1 Ng6 24. Qd6 Qf3 25. Rd2 Rab8 26. Rxc2 Rd8
27. Be2 Qf5 28. Qc5 Rdc8 29. Bd3 1-0

[Event "26. Torneo Collado Villalba"]
[Site "Collado Villalba ESP"]
[Date "2009.08.21"]
[Round "1.22"]
[White "Giese, Reinhard"]
[Black "Lopez Heras, Arturo"]
[Result "0-1"]
[WhiteElo "2200"]
[BlackElo "1931"]
[PlyCount "58"]
[EventDate "2009.08.21"]
[EventType "swiss"]
[EventRounds "9"]
[EventCountry "ESP"]
[Source "lmi"]
[SourceDate "2009.08.21"]

1. d4 Nf6 2. Nf3 g6 3. Nc3 d5 4. Bf4 a6 5. e3 Bg7 6. Be2 O-O 7. Ne5 Nfd7 8. h4
Nxe5 9. dxe5 Be6 10. h5 c6 11. hxg6 fxg6 12. Bd3 Bf5 13. Bh6 e6 14. f4 Nd7 15.
Bxf5 Rxf5 16. g4 Rf7 17. Qe2 c5 18. Nb1 Qf8 19. Bxg7 Rxg7 20. Nd2 b5 21. Nf3
Qe7 22. O-O-O c4 23. e4 Nb6 24. f5 c3 25. Rd3 Rc8 26. f6 Qb4 27. Rxc3 Rxc3 28.
bxc3 Qxc3 29. fxg7 Nc4 0-1

[Event "26. Torneo Collado Villalba"]
[Site "Collado Villalba ESP"]
[Date "2009.08.21"]
[Round "1.23"]
[White "Nieto Rubio, Jose"]
[Black "Cao Armillas, Jesus"]
[Result "0-1"]
[WhiteElo "1930"]
[BlackElo "2199"]
[PlyCount "100"]
[EventDate "2009.08.21"]
[EventType "swiss"]
[EventRounds "9"]
[EventCountry "ESP"]
[Source "lmi"]
[SourceDate "2009.08.21"]

1. e4 c5 2. c3 d5 3. exd5 Qxd5 4. d4 Nc6 5. Be3 Nf6 6. dxc5 Qxd1+ 7. Kxd1 e5 8.
b4 Bf5 9. Nd2 Nd5 10. Rc1 O-O-O 11. Bb5 Be7 12. Ngf3 f6 13. Ke2 a6 14. Bc4 g5
15. h3 h5 16. a4 Bh7 17. g4 Bg6 18. Rhd1 e4 19. Bxd5 Rxd5 20. Nd4 Ne5 21. Nf5
Bxf5 22. gxf5 Nd3 23. Rb1 Rxf5 24. Nxe4 Nf4+ 25. Bxf4 Rxf4 26. Rd4 Re8 27. Kf1
f5 28. Ng3 Rf3 29. Kg2 g4 30. Re1 h4 31. Nh5 Rxc3 32. Ng7 gxh3+ 33. Kh1 Rd8 34.
Rxd8+ Bxd8 35. Nxf5 Rc2 36. Re3 Rxf2 37. Nd6+ Kc7 38. Rxh3 Rf4 39. Rd3 Be7 40.
Nxb7 Rxb4 41. Na5 Rxa4 42. Nb3 Ra2 43. Re3 Bg5 44. Re5 Bf4 45. Rh5 Bg3 46. Rh6
a5 47. Nd4 a4 48. Rh7+ Kc8 49. Nf5 a3 50. Nxg3 hxg3 0-1

[Event "26. Torneo Collado Villalba"]
[Site "Collado Villalba ESP"]
[Date "2009.08.21"]
[Round "1.26"]
[White "Castejon Caballero, Andres"]
[Black "Cano Mercado, Francisco Manuel"]
[Result "1-0"]
[WhiteElo "2184"]
[BlackElo "1920"]
[PlyCount "63"]
[EventDate "2009.08.21"]
[EventType "swiss"]
[EventRounds "9"]
[EventCountry "ESP"]
[Source "lmi"]
[SourceDate "2009.08.21"]

1. e4 c6 2. d3 d5 3. Nd2 dxe4 4. dxe4 e5 5. Ngf3 Bc5 6. c3 Bg4 7. Bc4 Nd7 8.
Qb3 Nh6 9. Qxb7 O-O 10. h3 Rb8 11. Qxc6 Rc8 12. Qa6 Bxf3 13. Nxf3 Bb6 14. Bxh6
gxh6 15. Rd1 Qc7 16. Bd5 Nc5 17. Qe2 Qe7 18. g3 Rfd8 19. Nh4 Qg5 20. Nf5 Kh8
21. h4 Qf6 22. Qh5 Rxd5 23. exd5 Ne4 24. O-O Rg8 25. Kg2 Rg6 26. Qf3 Nc5 27.
Rfe1 e4 28. Rxe4 Nxe4 29. Qxe4 h5 30. Re1 h6 31. d6 Rg4 32. Qe5 1-0

[Event "26. Torneo Collado Villalba"]
[Site "Collado Villalba ESP"]
[Date "2009.08.21"]
[Round "1.27"]
[White "Velasco Garcia, Jorge Juan"]
[Black "Semprun Martinez, Fernando"]
[Result "0-1"]
[WhiteElo "1913"]
[BlackElo "2179"]
[PlyCount "91"]
[EventDate "2009.08.21"]
[EventType "swiss"]
[EventRounds "9"]
[EventCountry "ESP"]
[Source "lmi"]
[SourceDate "2009.08.21"]

1. d4 Nf6 2. Nf3 g6 3. g3 Bg7 4. Bg2 d5 5. O-O O-O 6. c4 c6 7. Nc3 dxc4 8. e4
b5 9. Re1 Nbd7 10. e5 Nd5 11. Bg5 N7b6 12. Qd2 Nxc3 13. bxc3 Nd5 14. Bh6 Bf5
15. Nh4 Be6 16. Re4 Qd7 17. Nf3 f6 18. Rae1 Bf5 19. Rh4 Rf7 20. h3 a5 21. g4
Be6 22. Bf1 Nc7 23. g5 f5 24. d5 Qxd5 25. Nd4 Qd7 26. Bg2 Nd5 27. a3 Rd8 28.
Nxe6 Qxe6 29. Rd4 f4 30. Bxg7 Kxg7 31. Bxd5 Rxd5 32. Rxd5 cxd5 33. Kg2 Rf5 34.
Kh2 Rxg5 35. Qxf4 Qf5 36. Qd4 Qf3 37. e6+ Qf6 38. Qe3 Rf5 39. Re2 Rf3 40. Qc5
Rxc3 41. Qxb5 Qf4+ 42. Kg1 Rc1+ 43. Kg2 Qg5+ 44. Kf3 Qh5+ 45. Ke3 Rc3+ 46. Kd4
0-1

[Event "26. Torneo Collado Villalba"]
[Site "Collado Villalba ESP"]
[Date "2009.08.21"]
[Round "1.28"]
[White "Pastor Alonso De Prado, Emilio Alberto"]
[Black "Jimenez Gonzalez, Marcos"]
[Result "1-0"]
[WhiteElo "2174"]
[BlackElo "1897"]
[PlyCount "45"]
[EventDate "2009.08.21"]
[EventType "swiss"]
[EventRounds "9"]
[EventCountry "ESP"]
[Source "lmi"]
[SourceDate "2009.08.21"]

1. e4 c6 2. d4 d5 3. e5 Bf5 4. a3 e6 5. c4 Bxb1 6. Rxb1 dxc4 7. Bxc4 Ne7 8. Ne2
Nf5 9. O-O Be7 10. g4 Nh4 11. f4 Qc8 12. Ng3 b5 13. Bd3 Nd7 14. f5 Nb6 15. Nh5
Rg8 16. fxe6 Qxe6 17. Bxh7 Qd5 18. Nf4 Qa2 19. Qc2 Kf8 20. Qxc6 Bd8 21. Ne6+
Ke7 22. Bg5+ f6 23. exf6+ 1-0

[Event "26. Torneo Collado Villalba"]
[Site "Collado Villalba ESP"]
[Date "2009.08.21"]
[Round "1.29"]
[White "Tevar Sanz, Gonzalo"]
[Black "Arauz Alonso, Fernando"]
[Result "0-1"]
[WhiteElo "1882"]
[BlackElo "2155"]
[PlyCount "52"]
[EventDate "2009.08.21"]
[EventType "swiss"]
[EventRounds "9"]
[EventCountry "ESP"]
[Source "lmi"]
[SourceDate "2009.08.21"]

1. d4 Nf6 2. Nf3 e6 3. Bf4 c5 4. e3 cxd4 5. exd4 b6 6. Be2 Bb7 7. Nc3 Be7 8.
Nb5 d6 9. c4 a6 10. Nc3 d5 11. Bxb8 Rxb8 12. cxd5 Nxd5 13. Bxa6 Bxa6 14. Qa4+
b5 15. Qxa6 Nb4 16. Qa7 Nc6 17. Qa6 Rb6 18. Qxb5 Rxb5 19. Nxb5 Bb4+ 20. Ke2 O-O
21. Rhe1 Qd5 22. a4 e5 23. dxe5 Nxe5 24. Nxe5 Qxe5+ 25. Kf1 Qxh2 26. a5 Qh1+
0-1

[Event "26. Torneo Collado Villalba"]
[Site "Collado Villalba ESP"]
[Date "2009.08.21"]
[Round "1.31"]
[White "Gonzalo Gonzalez, Francisco"]
[Black "Vazquez Torres, Adrian"]
[Result "0-1"]
[WhiteElo "1853"]
[BlackElo "2149"]
[PlyCount "104"]
[EventDate "2009.08.21"]
[EventType "swiss"]
[EventRounds "9"]
[EventCountry "ESP"]
[Source "lmi"]
[SourceDate "2009.08.21"]

1. e4 c5 2. Nf3 d6 3. b3 Nf6 4. e5 dxe5 5. Bb2 e4 6. Ne5 e6 7. Bb5+ Bd7 8. Qe2
Be7 9. Nc3 O-O 10. Nxd7 Nbxd7 11. Nxe4 Nxe4 12. Qxe4 Nf6 13. Qxb7 Rb8 14. Qa6
Nd5 15. Bd3 Nb4 16. Qc4 Nxd3+ 17. Qxd3 Qxd3 18. cxd3 Rfd8 19. Ke2 Rd5 20. Rhc1
Rbd8 21. d4 e5 22. Ba3 exd4 23. d3 R8d6 24. Rc4 g6 25. Bc1 Re6+ 26. Kf1 Rde5
27. Bf4 Rf5 28. Bg3 h5 29. Re1 h4 30. Bb8 Rxe1+ 31. Kxe1 a6 32. f4 Rd5 33. Ba7
g5 34. Ra4 gxf4 35. Rxa6 Re5+ 36. Kf2 Re3 37. Bb8 Rxd3 38. Bxf4 Rc3 39. Ra7 Bf6
40. Ra6 Kg7 41. Bd2 Rc2 42. Ke1 d3 43. a4 Rb2 44. Rb6 Rb1+ 45. Kf2 c4 46. Rxf6
Kxf6 47. Bc3+ Kf5 48. b4 Ke4 49. g3 h3 50. a5 Rb3 51. Be1 Rb2+ 52. Kg1 d2 0-1

[Event "26. Torneo Collado Villalba"]
[Site "Collado Villalba ESP"]
[Date "2009.08.21"]
[Round "1.32"]
[White "Alcaraz Amoros, Antonio"]
[Black "Medrano Del Val, Julio"]
[Result "1-0"]
[WhiteElo "2135"]
[BlackElo "1810"]
[PlyCount "79"]
[EventDate "2009.08.21"]
[EventType "swiss"]
[EventRounds "9"]
[EventCountry "ESP"]
[Source "lmi"]
[SourceDate "2009.08.21"]

1. c4 Nf6 2. Nc3 e5 3. Nf3 Nc6 4. d4 exd4 5. Nxd4 d6 6. Bg5 Be7 7. e3 Bd7 8.
Be2 Ne5 9. Qc2 a6 10. O-O g6 11. f3 c5 12. Nb3 Be6 13. Nd2 h6 14. Bxf6 Bxf6 15.
Rad1 O-O 16. Nde4 Be7 17. b3 Qc7 18. Nd5 Bxd5 19. Rxd5 Rad8 20. f4 Nc6 21. a3
f5 22. Nc3 Bf6 23. Rd3 Bxc3 24. Qxc3 Qg7 25. Qd2 Rf6 26. Bf3 Qe7 27. Re1 Kg7
28. Bd5 Qc7 29. e4 fxe4 30. Rxe4 Nd4 31. Rde3 Rd7 32. Re8 Rxf4 33. Rg8+ Kh7 34.
Ree8 g5 35. Rh8+ Kg6 36. Qd3+ Nf5 37. Be6 Re7 38. Bxf5+ Rxf5 39. g4 Rxe8 40.
Qxf5+ 1-0

[Event "26. Torneo Collado Villalba"]
[Site "Collado Villalba ESP"]
[Date "2009.08.21"]
[Round "1.33"]
[White "Guisado Gomez, Francisco"]
[Black "Nieto De La Cruz, Julio"]
[Result "0-1"]
[WhiteElo "1799"]
[BlackElo "2132"]
[PlyCount "86"]
[EventDate "2009.08.21"]
[EventType "swiss"]
[EventRounds "9"]
[EventCountry "ESP"]
[Source "lmi"]
[SourceDate "2009.08.21"]

1. d4 d5 2. c4 e6 3. Nc3 c6 4. cxd5 exd5 5. Nf3 Bd6 6. Bg5 Ne7 7. e3 Bf5 8. Bd3
Bg6 9. Qc2 Nd7 10. O-O O-O 11. a3 Qc7 12. b4 Bxd3 13. Qxd3 Ng6 14. Rfc1 Qb8 15.
b5 f6 16. bxc6 bxc6 17. Rab1 Nb6 18. Bh4 Nxh4 19. Nxh4 Bxa3 20. Nxd5 Bxc1 21.
Ne7+ Kf7 22. Nxc6 Qd6 23. Rxc1 g6 24. Qe4 Rac8 25. Qf3 Qd5 26. Qxd5+ Nxd5 27.
e4 Nb4 28. d5 Nxc6 29. dxc6 Rfd8 30. Nf3 Rxc6 31. Ra1 a5 32. Kf1 Ra6 33. Ke2 a4
34. Ra3 Ke6 35. Nd2 Ke5 36. Ke3 Ke6 37. Nb3 Kd6 38. Nd4 Rb8 39. Kd3 Rb2 40. Ke3
Kc5 41. h4 Kb4 42. Ra1 a3 43. g4 a2 0-1

[Event "26. Torneo Collado Villalba"]
[Site "Collado Villalba ESP"]
[Date "2009.08.21"]
[Round "1.34"]
[White "Luna Hermoso, Angel"]
[Black "Ananian, Arman"]
[Result "1-0"]
[WhiteElo "2115"]
[BlackElo "1790"]
[PlyCount "53"]
[EventDate "2009.08.21"]
[EventType "swiss"]
[EventRounds "9"]
[EventCountry "ESP"]
[Source "lmi"]
[SourceDate "2009.08.21"]

1. e4 e5 2. Nf3 d6 3. d4 exd4 4. Nxd4 Nc6 5. Nc3 Nf6 6. Bg5 Be7 7. Bb5 Bd7 8.
O-O O-O 9. Bxc6 Bxc6 10. Nf5 h6 11. Bh4 Re8 12. Qd4 Kh7 13. f4 Bd7 14. Nxe7
Qxe7 15. e5 dxe5 16. fxe5 Qxe5 17. Bxf6 gxf6 18. Qxd7 Re7 19. Qf5+ Qxf5 20.
Rxf5 Kg6 21. Raf1 Re6 22. Nd5 Rc8 23. h4 Kg7 24. Nxf6 Re2 25. Nh5+ Kh8 26. Rf6
Rxc2 27. Rxh6+ 1-0